000 00561nam a2200193Ia 4500
005 20250820114818.0
008 008 250516s9999 xx 000 0 hin d
020 _a9788174534705
040 _beng
_cSDCL
041 _ahin
_2hin
084 _aQ132:24 R4
100 _aPal, Bablu
_9459099
245 0 _aKenopnishad ka Darshnik Anusheelan
246 _aकेनोपनिषद का दार्शनिक अनुशीलन
260 _aDelhi:
_bSanjay Prakashan,
_c2024.
300 _a178p.
650 _aSanskrit
942 _cTEXL
_2CC
999 _c1429395
_d1429395